000 00311nam a2200133 4500
005 20260530115312.0
100 1 _a/
245 1 0 _aBig Book of Packaging
264 1 _bHarper Design
_c2011
300 _a384 páginas
336 _atexto
_2rdacontent
337 _asin medio
_2rdamedia
338 _avolumen
_2rdacarrier
999 _c13413
_d13413